Loading...

കാവ്യപാഠാവലി/

Bibliographic Details
Main Author: Sajay,K.V
Format: Printed Book
Language:Malayalam
Published: Kozhikode: Insight Publica, 2016.
Subjects:
LEADER 00931nam a22001937a 4500
008 160507b xxu||||| |||| 00| 0 mal d
999 |c 234830  |d 234830 
020 |a 9789385899010 
082 |a 851.09 SAJ/K 
100 |a Sajay,K.V. 
245 |a കാവ്യപാഠാവലി/   |c Sajay,K.V. 
260 |a Kozhikode:   |b Insight Publica,  |c 2016. 
300 |b 96p. 
650 |a Poetry-Study 
942 |c BK 
246 |a Kavyapadavali 
952 |0 0  |1 0  |4 0  |6 851_090000000000000_SAJ_K  |7 0  |9 260630  |a MAL  |b MAL  |c ST1  |d 2016-05-07  |g 100.00  |l 3  |o 851.09 SAJ/K  |p MAL37833  |r 2021-07-23  |s 2020-12-18  |w 2016-05-07  |y BK 
952 |0 0  |1 0  |4 0  |6 851_090000000000000_SAJ_K  |7 0  |9 260631  |a MAL  |b MAL  |c ST1  |d 2017-11-02  |g 100.00  |l 1  |o 851.09 SAJ/K  |p MAL40032  |r 2018-02-23  |s 2018-02-15  |w 2017-11-02  |y BK 
952 |0 0  |1 0  |2 ddc  |4 0  |6 851_090000000000000_SAJ_K  |7 0  |9 380589  |a MAL  |b MAL  |c ST1  |d 2019-03-26  |g 100.00  |i 40494  |l 1  |o 851.09 SAJ/K  |p MAL40494  |q 2021-04-23  |r 2021-03-23  |s 2021-03-23  |w 2019-03-26  |y BK